000 00719nam a22002417a 4500
003 UA-OsUOA
001 77726
007 ta
008 20110920b un ||||| |||| 00| 0 ukr d
100 _aМенар Р.
090 _a82-343(0)
_bМ50
942 _cBK
040 _aUA-OsUOA
_brus
_cUA-OsUOA
_dUA-OsUOA
245 _aМифы в искусстве старом и новом
_bИсторико-художественная монография
300 _a284 с.
955 _a4
041 _arus
080 _a82-343(0)
020 _a5-235-01762-5
260 _aМ.
_bМолодая гвардия
_c1992
650 7 _a82 Література. Літературознавство
_2UDC
999 _c364043
_d364043